50 Most Famous Cities in South Korea on a Map - Statistics

General Stats
  • This quiz has been taken 149 times
  • The average score is 23 of 52
Answers on the Map
Answers color-coded by a green-red scale on the quiz's map according to % correct below.
 
Answer Stats
Wiki Monthly Views Cityquiz Mention Rate Population Answers % Correct
325.22K 75.32% 9586.19K Seoul
99%
102.74K 42.35% 3349.02K Busan
95%
52.81K 23.85% 2945.45K Incheon
91%
54.86K 18.23% 2410.70K Daegu
90%
12.30K 15.59% 492.31K Jeju
85%
35.09K 8.24% 1477.57K Gwangju
79%
4.86K 3.34% 385.14K Gwangju
79%
29.86K 7.33% 1488.43K Daejeon
78%
24.98K 6.81% 1135.42K Ulsan
78%
23.00K 5.03% 1210.15K Suwon
66%
20.00K 1.94% 353.93K Sejong
59%
13.41K 2.12% 1029.39K Changwon
50%
16.16K 3.14% 666.52K Jeonju
50%
58.14K 5.77% 8.17K Pyeongchang
50%
12.61K 2.56% 1045.50K Goyang
49%
11.63K 1.58% 855.33K Cheongju
47%
9.54K 1.93% 717.35K Ansan
46%
8.50K 1.33% 542.34K Anyang
46%
8.25K 1.56% 224.51K Mokpo
46%
11.63K 2.95% 501.11K Pohang
46%
4.81K - 474.55K Gimpo
44%
9.55K - 1066.97K Yongin
42%
8.54K 1.56% 833.15K Bucheon
39%
5.87K 1.29% 552.43K Gimhae
39%
11.51K 2.65% 922.02K Seongnam
39%
7.32K 1.42% 271.50K Yeosu
39%
4.39K 0.78% 285.31K Iksan
37%
5.94K - 246.97K Geoje
36%
9.77K 1.01% 880.86K Hwaseong
36%
8.26K - 460.54K Paju
36%
5.74K 1.53% 352.43K Wonju
36%
20.38K 1.45% 261.78K Gyeongju
35%
5.37K 0.91% 340.52K Asan
34%
5.51K 0.95% 416.60K Gumi
34%
7.24K 0.86% 159.41K Andong
33%
8.82K - 542.52K Pyeongtaek
33%
5.83K 0.84% 269.02K Gunsan
32%
11.76K 1.29% 284.64K Chuncheon
30%
4.33K - 275.57K Gunpo
28%
4.63K 1.01% 178.55K Seogwipo
28%
5.08K 0.81% 272.45K Suncheon
28%
7.41K 1.17% 682.20K Cheonan
27%
10.14K 1.75% 216.54K Gangneung
27%
4.27K 1.38% 226.21K Icheon
25%
5.84K 0.76% 696.03K Namyangju
25%
7.55K 0.81% 449.57K Uijeongbu
25%
4.58K - 218.41K Chungju
24%
6.72K 0.92% 352.40K Jinju
24%
7.82K 1.00% 80.05K Sokcho
22%
4.88K - 127.98K Tongyeong
22%
4.36K 0.71% 108.33K Gongju
21%
5.17K - 58.02K Gwacheon
19%
No matching quizzes found
Score Distribution
Percent of People with Each Score
Percentile by Number Answered
Your Score History
You have not taken this quiz